| 000 | 00657nam a22002177a 4500 | ||
|---|---|---|---|
| 003 | OSt | ||
| 005 | 20140310182319.0 | ||
| 008 | 130920t xxu||||| |||| 00| 0 eng d | ||
| 020 | _a9833664956 | ||
| 050 |
_aPZ 8 _b.Sn674 2007 |
||
| 082 |
_aGS 398.20421 _bC43s 2007 |
||
| 245 | _aSnow White and the Seven Dwarfs and other tales / | ||
| 260 |
_aMalaysia : _bKohwai & Young, _c2007. |
||
| 300 |
_a66 p. : _bcol. ill. ; _c28 cm. |
||
| 440 |
_aChildren's favourite Fairy Tales _921075 |
||
| 650 |
_aSnow White (Tale). _921080 |
||
| 650 |
_aFairy tales. _93114 |
||
| 650 |
_aFolk literature, English. _921077 |
||
| 942 |
_2lcc _cBK-GS |
||
| 999 |
_c11779 _d11779 |
||